000 00968nam a22001937a 4500
003 OSt
005 20260302010458.0
008 260226b |||||||| |||| 00| 0 eng d
040 _aDWCL GS
_cOC
082 _aFic. D621f 2008
100 _aDixon, Franklin W.
245 _athe hardy boys mystery stories 57
_b: the firebird rocket
_cFranklin W. Dixon
260 _aNew York
_bGrosset & Dunlap
_cc1978
300 _a180
_billustration
_c19cm
520 _aThe Firebird Rocket (#57 in the Hardy Boys series) follows Frank and Joe Hardy as they travel to Australia to locate a kidnapped rocket scientist,Dr. Balthazar, whose disappearance threatens the launch of a new, top-secret Firebird Rocket. The brothers face mortal danger, including being captured by villains, before rescuing the scientist and stopping the saboteurs.
546 _aEnglish
700 _aFranklin W. Dixon
942 _2ddc
_cFIC.
_hFic. D621f 2008
_n0
999 _c8547
_d8547